ARRUPE JESUIT UNIVERSITY

CORONAVIRUS -STOP THE SPREAD - CLEAN,DISINFECT,COVER

The scourge of human trafficking (Record no. 125793)

MARC details
000 -LEADER
fixed length control field 00547nam a22001577a 4500
005 - DATE AND TIME OF LATEST TRANSACTION
control field 20161129092019.0
008 - FIXED-LENGTH DATA ELEMENTS--GENERAL INFORMATION
fixed length control field 161129b xxu||||| |||| 00| 0 eng d
050 ## - LIBRARY OF CONGRESS CALL NUMBER
Classification number HD5838.S432
100 ## - MAIN ENTRY--PERSONAL NAME
Personal name McLaughlin, Janice
9 (RLIN) 27650
245 ## - TITLE STATEMENT
Title The scourge of human trafficking
Remainder of title modern-day slavery
Statement of responsibility, etc by McLaughlin, Janice
260 ## - PUBLICATION, DISTRIBUTION, ETC. (IMPRINT)
Place of publication, distribution, etc Harare
Name of publisher, distributor, etc The African Forum for Catholic Social Teaching
Date of publication, distribution, etc 2016
300 ## - PHYSICAL DESCRIPTION
Extent vii, 59p.;
Dimensions 21cm.
650 ## - SUBJECT ADDED ENTRY--TOPICAL TERM
Topical term or geographic name as entry element Migrant labor
Geographic subdivision Africa
9 (RLIN) 27651
650 ## - SUBJECT ADDED ENTRY--TOPICAL TERM
Topical term or geographic name as entry element Migrant labor
General subdivision Social aspects
9 (RLIN) 27652
942 ## - ADDED ENTRY ELEMENTS (KOHA)
Source of classification or shelving scheme Library of Congress Classification
Item type Monograph ( Printed materials)
Holdings
Withdrawn status Lost status Source of classification or shelving scheme Damaged status Not for loan Collection code Home library Current library Shelving location Date acquired Total Checkouts Full call number Barcode Date last seen Date last borrowed Price effective from Koha item type
    Library of Congress Classification     Main Collection ARRUPE LIBRARY ARRUPE LIBRARY Main Collection 29/11/2016 3 HD5838.S432 46500010735 05/11/2019 23/10/2019 29/11/2016 Monograph ( Printed materials)

 

Arrupe Library. PO Box MP320 Mt Pleasant, Harare, Zimbabwe
263 242 745411|librarian@aju.ac.zw